Identifikácia výskumu v podniku

Analýza reálnej pozície výskumu v podniku, v štruktúre jeho nehmotného majetku, ale aj v iných zložkách produkčných faktorov pôsobiacich v transformačnom procese. Evidenčný pohľad výskumných aktivít vo vybraných podnikoch.

Gespeichert in:
Bibliographische Detailangaben
1. Verfasser: Matušovič, Martin
Format: Buchkapitel
Sprache:Slowakisch
Schlagworte:
Tags: Tag hinzufügen
Keine Tags, Fügen Sie das erste Tag hinzu!

MARC

LEADER 00000naa$a2200000$$$4500
001 0120343
005 20240502072341.8
041 0 |a slo 
044 |a SK 
245 1 0 |a Identifikácia výskumu v podniku  |c Martin Matušovič 
520 |a Analýza reálnej pozície výskumu v podniku, v štruktúre jeho nehmotného majetku, ale aj v iných zložkách produkčných faktorov pôsobiacich v transformačnom procese. Evidenčný pohľad výskumných aktivít vo vybraných podnikoch. 
610 2 0 |a podnik 
610 2 0 |a riadenie podnikové 
610 2 0 |a stratégia podnikateľská 
610 2 0 |a technológie nové 
610 2 0 |a kontroling 
610 2 0 |a informácie 
610 2 0 |a vlastníctvo duševné 
610 2 0 |a výskum 
610 2 0 |a vývoj 
100 1 |a Matušovič, Martin